Villes françaises par périphrase - Statistiques

Statistiques générales
  • Ce quiz a été pris 15 740 fois
    15 444 depuis la dernière actualisation
  • Le résultat moyen est 8 sur 15
Statistiques - réponses
Périphrase Ville % Correct
La ville de l'amour Paris
98%
La ville rose Toulouse
92%
La cité phocéenne Marseille
88%
La capitale de l'Europe Strasbourg
80%
La belle catalane Perpignan
62%
La ville royale Versailles
62%
La capitale des Gaules Lyon
59%
La capitale de la bande-dessinée Angoulême
58%
La cité des papes Avignon
58%
La cité des ducs de Bretagne Nantes
50%
La ville au cent clochers Rouen
42%
La cité des festivals Cannes
31%
La reine des villes d'eau Vichy
15%
La cité de Jean Bart Dunkerque
13%
La capitale de la paix Verdun
12%
Aucun quiz correspondant
Distribution des résultats
% des personnes avec chaque résultat
Percentile par nombre de réponses
Votre historique - résultats
Vous n’avez pas pris ce quiz depuis la dernière actualisation